| 000 | 00576nam a2200181Ia 4500 | ||
|---|---|---|---|
| 008 | 090124s9999 xx 000 0 und d | ||
| 082 | _b37697 | ||
| 100 | _aकोतवाल अशोक | ||
| 245 | _a मौनातील पडझड | ||
| 250 | _a1 | ||
| 260 |
_bग्रंथाली अभिनव प्रकाशन _c2001 |
||
| 300 | _a107 | ||
| 600 | _aकोतवाल अशोक | ||
| 630 | _a मौनातील पडझड | ||
| 700 | _aकोतवाल अशोक | ||
| 730 | _a मौनातील पडझड | ||
| 942 | _cBOOK | ||
| 999 |
_c103769 _d103769 |
||